QCM La Restauration. - Statistiques

Statistiques générales
  • Ce quiz a été pris 360 fois
  • Le résultat moyen est 9 sur 14
Statistiques - réponses
Question Réponse % Correct
Suite à quel événement est instauré la Restauration? L'abdication de Napoléon
89%
Comment se nomme la période où Napoléon prend le pouvoir, chassant Louis XVIII? Les Cents-Jours
86%
Comment se nomme la révolte mettant fin à la Restauration? Les Trois Glorieuses
86%
Quel régime sera mis en place alors? Monarchie de Juillet
84%
Quel personnage arriva alors au pouvoir? Louis-Philippe Ier
77%
Quand est assassiné le duc de Berry, neveu de Louis XVIII? 1820
70%
Quel régime est la Restauration? Monarchie constitutionnelle
67%
Quel roi les français replacent-ils sur le trône d'Espagne lors de l'expédition d'Espagne en 1823? Ferdinand VII
63%
Qui succède à Louis XVIII? Son frère
61%
Qui est louis XVIII par rapport à Louis XVI? Son frère
60%
Par quelles ordonnances Charles X suspend-t-il la liberté de la presse? Ordonnance de Saint-Cloud
53%
En quelle année? 1814
51%
En quelle année la France débute-t-elle la conquête de l'Algérie? 1830
49%
En quelle année les troupes de la coalition cesse-t-elle l'occupation de la France? 1818
43%
Aucun quiz correspondant
Distribution des résultats
% des personnes avec chaque résultat
Percentile par nombre de réponses
Votre historique - résultats
Vous n’avez pas pris ce quiz